Score 0/120 Timer 18:00
0 Plays Today
+ - % Correct
54Pike
93.1%
85Jefferson
93%
44Green
90%
92Fayette
90%
108Boone
88.8%
1Fulton
88.4%
89Franklin
87.2%
15Warren
86.9%
64Hardin
86.7%
5McCracken
86.4%
25Pulaski
86.1%
49Jackson
86.1%
73Madison
85.8%
68Washington
85.8%
110Kenton
85.4%
20Adair
85.3%
111Campbell
85%
61Ohio
84.8%
59Daviess
84.7%
91Scott
84.6%
87Shelby
84.2%
33Harlan
83.9%
11Christian
83.6%
109Grant
83.6%
57Henderson
83.5%
10Trigg
83.5%
34Perry
83.5%
88Anderson
83.2%
16Allen
83.2%
101Boyd
83.2%
31Bell
83%
120Greenup
83%
71Jessamine
82.8%
81Johnson
82.8%
30Clay
82.6%
93Bourbon
82.5%
29Knox
82.4%
47Lincoln
82.4%
90Woodford
82.3%
45Taylor
82.1%
+ - % Correct
6Graves
81.9%
14Simpson
81.8%
84Bullitt
81.8%
102Oldham
81.7%
106Owen
81.6%
69Boyle
81.3%
94Clark
81.3%
18Monroe
81.1%
113Harrison
80.9%
118Mason
80.8%
98Carter
80.7%
105Henry
80.7%
17Barren
80.5%
2Hickman
80.4%
12Todd
80.2%
21Cumberland
80.1%
55Union
80%
3Carlisle
79.7%
66Nelson
79.7%
53Floyd
79.7%
95Montgomery
79.7%
7Marshall
79.6%
4Ballard
79.5%
27Whitley
79.4%
8Calloway
79.3%
67Marion
79.3%
48Rockcastle
78.9%
75Lee
78.8%
96Bath
78.8%
24Wayne
78.7%
23Clinton
78.6%
119Lewis
78.6%
104Carroll
78.6%
97Rowan
78.5%
28Laurel
78.4%
35Letcher
78.4%
13Logan
78.3%
82Martin
78.1%
83Meade
77.9%
39Hopkins
77.7%
+ - % Correct
114Bracken
77.7%
26McCreary
77.6%
112Pendleton
77.6%
72Garrard
77.4%
43Hart
77.2%
103Trimble
77.2%
62Breckinridge
77.1%
115Robertson
77%
63Grayson
76.9%
32Leslie
76.9%
70Mercer
76.8%
79Morgan
76.8%
65LaRue
76.7%
40Muhlenberg
76.6%
86Spencer
76.5%
107Gallatin
76.5%
100Lawrence
76.2%
51Breathitt
76.1%
22Russell
75.8%
46Casey
75.5%
52Knott
75.5%
37Crittenden
75.1%
9Lyon
75%
50Owsley
74.9%
76Powell
74.3%
78Menifee
74.3%
36Livingston
74.2%
74Estill
74.1%
80Magoffin
74%
117Fleming
74%
99Elliott
73.7%
41Butler
73.5%
38Caldwell
72.9%
42Edmonson
72.9%
60Hancock
72.6%
77Wolfe
72.5%
56Webster
71.1%
116Nicholas
71%
58McLean
70.5%
19Metcalfe
69.6%
Come Together.
Have Fun.
All Virtual.
We all need to come together. Play Sporcle's virtual live trivia to have fun, connect with people, and get your trivia on. Join a live hosted trivia game for your favorite pub trivia experience done virtually. If a virtual private party is more your thing, go here for details.

You're not logged in!

Compare scores with friends on all Sporcle quizzes.
OR
Log In

Sporcle TV

Today on Sporcle TV


Watch our educational content, quiz creation guides, and fun videos on Sporcle TV.

Show Comments

Extras

Top Quizzes Today


Score Distribution

Paid Content

Your Account Isn't Verified!

In order to create a playlist on Sporcle, you need to verify the email address you used during registration. Go to your Sporcle Settings to finish the process.

Report this User

Report this user for behavior that violates our Community Guidelines.

Details: